[Event "Kiel op-A 27th"]
[Site "Kiel"]
[Date "2014.08.07"]
[Round "8"]
[White "Garcia Ruiz, Adrian"]
[Black "Simon, Christopher"]
[Result "1/2-1/2"]
[WhiteElo "1794"]
[BlackElo "1960"]
[PlyCount "108"]
[EventDate "2014.08.02"]
[EventType "swiss"]
[EventRounds "9"]
[EventCountry "GER"]
[SourceTitle "CBM 161 Extra"]
[Source "ChessBase"]
[SourceDate "2014.08.29"]
[SourceVersion "1"]
[SourceVersionDate "2014.08.29"]
[SourceQuality "1"]

1. d4 f5 2. Nf3 Nf6 3. c4 e6 4. Nc3 d5 5. e3 c6 6. Ne5 Bd6 7. f4 0-0 8. Be2 Nbd7 9. 0-0 Ne4 10. Nxe4 fxe4 11. c5 Nxe5 12. fxe5 Be7 13. Bd2 Bd7 14. Rxf8+ Qxf8 15. Qf1 Qf5 16. b4 Rf8 17. a4 Qg6 18. Qc1 Bh4 19. Be1 Bxe1 20. Qxe1 Qe8 21. Qc3 a6 22. Rb1 Qf7 23. Rf1 Qe8 24. Qe1 Rxf1+ 25. Qxf1 Qf7 26. Qf2 Qxf2+ 27. Kxf2 Kf7 28. Kg3 Ke7 29. Kf4 Be8 30. g4 Kf7 31. g5 g6 32. h4 Ke7 33. Bf1 Kf7 34. Kg3 Ke7 35. Kf2 Kd8 36. Ke1 Kc7 37. Kd2 Kd8 38. Kc3 Kc7 39. Kb3 Bd7 40. Be2 Be8 41. b5 cxb5 42. axb5 Bxb5 43. Bg4 Bd7 44. Kb4 b6 45. cxb6+ Kxb6 46. Bd1 Be8 47. Be2 Bb5 48. Bg4 Bd7 49. h5 a5+ 50. Ka3 Kb5 51. hxg6 hxg6 52. Be2+ Kb6 53. Bg4 Kb5 54. Be2+ Kb6 1/2-1/2

[Event "Schleswig Holstein-ch Vormeister"]
[Site "Schleswig Holstein"]
[Date "2012.??.??"]
[Round "5"]
[White "Freter, Anke"]
[Black "Simon, Christopher"]
[Result "1/2-1/2"]
[WhiteElo "1915"]
[BlackElo "1955"]
[PlyCount "25"]
[EventDate "2012.??.??"]
[EventType "swiss"]
[EventRounds "9"]
[EventCountry "GER"]
[SourceTitle "EXT 2022"]
[Source "ChessBase"]
[SourceDate "2021.10.06"]
[SourceVersion "1"]
[SourceVersionDate "2021.10.06"]
[SourceQuality "1"]

1. e4 d5 2. Nc3 dxe4 3. Nxe4 Qd5 4. Nc3 Qd6 5. d4 Nf6 6. g3 a6 7. Bg2 Bg4 8. Nge2 Nc6 9. Bf4 Qd7 10. Qd2 e6 11. a3 0-0-0 12. 0-0-0 Nd5 13. Nxd5 1/2-1/2

[Event "Schleswig Holstein-ch Vormeister"]
[Site "Schleswig Holstein"]
[Date "2012.??.??"]
[Round "3"]
[White "Lehr, Thomas"]
[Black "Simon, Christopher"]
[Result "1/2-1/2"]
[WhiteElo "1992"]
[BlackElo "1955"]
[PlyCount "40"]
[EventDate "2012.??.??"]
[EventType "swiss"]
[EventRounds "9"]
[EventCountry "GER"]
[SourceTitle "EXT 2022"]
[Source "ChessBase"]
[SourceDate "2021.10.06"]
[SourceVersion "1"]
[SourceVersionDate "2021.10.06"]
[SourceQuality "1"]

1. g3 f5 2. e4 fxe4 3. Nc3 Nf6 4. g4 g6 5. g5 Nh5 6. Be2 Nf4 7. Nxe4 d5 8. Ng3 e5 9. d4 Nxe2 10. Qxe2 e4 11. h4 Qe7 12. h5 Bg7 13. c3 Bd7 14. Nh3 Bxh3 15. Rxh3 Nc6 16. hxg6 hxg6 17. Rxh8+ Bxh8 18. Qg4 Qd7 19. Qxd7+ Kxd7 20. Be3 Bg7 1/2-1/2

[Event "GER-ch U25"]
[Site "Oberhof"]
[Date "2010.05.27"]
[Round "7"]
[White "Wurm, Alexander"]
[Black "Simon, Christopher"]
[Result "1-0"]
[WhiteElo "2063"]
[BlackElo "1922"]
[PlyCount "29"]
[EventDate "2010.05.22"]
[EventType "swiss"]
[EventRounds "9"]
[EventCountry "GER"]
[SourceTitle "CBM 136 Extra"]
[Source "ChessBase"]
[SourceDate "2010.07.02"]
[SourceVersion "2"]
[SourceVersionDate "2010.07.15"]
[SourceQuality "1"]

1. e4 d5 2. exd5 Qxd5 3. Nc3 Qd6 4. d4 Nf6 5. Nf3 a6 6. g3 Bg4 7. Bg2 Nc6 8. d5 Nb4 9. Bf4 Qd7 10. Qd2 0-0-0 11. 0-0-0 e6 12. Ne5 Qe7 13. Nxg4 Nxg4 14. Qe2 Nf6 15. Rhe1 1-0

[Event "GER-ch U25"]
[Site "Oberhof"]
[Date "2010.05.24"]
[Round "3"]
[White "Mainik, Philipp"]
[Black "Simon, Christopher"]
[Result "1/2-1/2"]
[WhiteElo "1716"]
[BlackElo "1922"]
[PlyCount "50"]
[EventDate "2010.05.22"]
[EventType "swiss"]
[EventRounds "9"]
[EventCountry "GER"]
[SourceTitle "CBM 136 Extra"]
[Source "ChessBase"]
[SourceDate "2010.07.02"]
[SourceVersion "2"]
[SourceVersionDate "2010.07.15"]
[SourceQuality "1"]

1. e4 d5 2. e5 c5 3. d4 Bf5 4. g4 Bg6 5. c3 e6 6. Bd3 Bxd3 7. Qxd3 Nc6 8. Ne2 Qb6 9. a3 Rc8 10. 0-0 cxd4 11. cxd4 Nge7 12. Kg2 Ng6 13. f4 h5 14. h3 hxg4 15. hxg4 Nh4+ 16. Kg3 g6 17. Nd2 Be7 18. b3 Kd7 19. Bb2 Rh7 20. Nf3 Rch8 21. Nfg1 a6 22. b4 Rc8 23. Nf3 Rch8 24. Nfg1 Rc8 25. Nf3 Rch8 1/2-1/2

[Event "GER-ch U25"]
[Site "Oberhof"]
[Date "2010.05.23"]
[Round "2"]
[White "Simon, Christopher"]
[Black "Kreyssig, Robert"]
[Result "1/2-1/2"]
[WhiteElo "1922"]
[BlackElo "1880"]
[PlyCount "75"]
[EventDate "2010.05.22"]
[EventType "swiss"]
[EventRounds "9"]
[EventCountry "GER"]
[SourceTitle "CBM 136 Extra"]
[Source "ChessBase"]
[SourceDate "2010.07.02"]
[SourceVersion "2"]
[SourceVersionDate "2010.07.15"]
[SourceQuality "1"]

1. Nf3 d5 2. g3 Nf6 3. Bg2 c6 4. d3 Bg4 5. Nbd2 Nbd7 6. 0-0 e5 7. e4 Bc5 8. h3 Bxf3 9. Qxf3 0-0 10. Nb3 Bb6 11. Kh2 Qc7 12. Qe2 dxe4 13. dxe4 Nc5 14. Nxc5 Bxc5 15. Bg5 Nd7 16. Rad1 f6 17. Bd2 Rad8 18. Bf3 Nb6 19. a4 Be7 20. a5 Nc8 21. Bg4 Nd6 22. Be6+ Kh8 23. f4 Nb5 24. c3 Qd6 25. Bc4 a6 26. Be3 Qb8 27. f5 Rxd1 28. Rxd1 Rd8 29. Bb6 Rxd1 30. Qxd1 Nd6 31. Bd3 Bd8 32. Qg1 Bxb6 33. Qxb6 Qc8 34. Kg2 g6 35. g4 Kg7 36. Kf3 h5 37. Qg1 h4 38. fxg6 1/2-1/2

[Event "Harburg-chD 6th"]
[Site "Hamburg"]
[Date "2008.07.20"]
[Round "4"]
[White "Simon, Christopher"]
[Black "Rudolph, Jens Erik"]
[Result "1/2-1/2"]
[WhiteElo "1910"]
[BlackElo "1956"]
[PlyCount "52"]
[EventDate "2008.07.18"]
[EventType "tourn"]
[EventRounds "5"]
[EventCountry "GER"]
[SourceTitle "EXT 2009"]
[Source "ChessBase"]
[SourceDate "2008.11.26"]
[SourceVersion "1"]
[SourceVersionDate "2008.11.26"]
[SourceQuality "1"]

1. e4 d5 2. exd5 Qxd5 3. Nc3 Qa5 4. d4 c6 5. Bd2 Bf5 6. Bc4 e6 7. Qe2 Qb6 8. 0-0-0 Nf6 9. Nf3 Nbd7 10. Nh4 Bg6 11. Nxg6 hxg6 12. Be3 Qc7 13. h3 0-0-0 14. Qf3 Nb6 15. Bb3 Nbd5 16. Bxd5 Nxd5 17. Nxd5 exd5 18. Bf4 Bd6 19. Bxd6 Rxd6 20. Qa3 Re6 21. g3 a6 22. Rhe1 Qd7 23. h4 Rhe8 24. Qb4 Qe7 25. Qxe7 R8xe7 26. Kd2 Kd7 1/2-1/2

[Event "Kiel op-A 19th"]
[Site "Kiel"]
[Date "2006.07.26"]
[Round "7"]
[White "Kim, Oi Sin"]
[Black "Simon, Christopher"]
[Result "1-0"]
[WhiteElo "2097"]
[BlackElo "1901"]
[PlyCount "33"]
[EventDate "2006.07.22"]
[EventType "swiss"]
[EventRounds "9"]
[EventCountry "GER"]
[SourceTitle "CBM 113 Extra"]
[Source "ChessBase"]
[SourceDate "2006.09.14"]
[SourceVersion "1"]
[SourceVersionDate "2006.09.14"]
[SourceQuality "1"]

1. c4 Nf6 2. g3 g6 3. Bg2 Bg7 4. e4 d6 5. Ne2 c5 6. Nbc3 Nc6 7. 0-0 Rb8 8. h3 0-0 9. d3 a6 10. f4 b5 11. e5 Nxe5 12. fxe5 dxe5 13. cxb5 axb5 14. Be3 Qc7 15. Ne4 Nxe4 16. dxe4 f5 17. Qd5+ 1-0

[Event "Harburg-chD 3rd"]
[Site "Hamburg"]
[Date "2005.06.26"]
[Round "4"]
[White "Heroiu, Alexandru"]
[Black "Simon, Christopher"]
[Result "1-0"]
[WhiteElo "2004"]
[BlackElo "1938"]
[PlyCount "147"]
[EventDate "2005.06.??"]
[EventType "tourn"]
[EventRounds "5"]
[EventCountry "GER"]
[SourceTitle "EXT 2006"]
[Source "ChessBase"]
[SourceDate "2005.11.24"]
[SourceVersion "1"]
[SourceVersionDate "2005.11.24"]
[SourceQuality "1"]

1. Nf3 Nf6 2. g3 g6 3. Bg2 Bg7 4. 0-0 0-0 5. d3 d6 6. e4 Nc6 7. Nbd2 e5 8. c3 Nd7 9. Re1 Ne7 10. Nf1 Qe8 11. b4 f5 12. Ng5 Nf6 13. Qb3+ Kh8 14. Ne6 Bxe6 15. Qxe6 Rb8 16. Ne3 f4 17. gxf4 exf4 18. Nd1 Nfg8 19. f3 Qc6 20. d4 Rbe8 21. Qb3 Nf5 22. b5 Qb6 23. Bb2 Nh4 24. Nf2 Nf6 25. Rad1 Nd7 26. Ba3 a6 27. bxa6 Qxa6 28. Nd3 Ra8 29. Bc1 Nxg2 30. Kxg2 Qxa2+ 31. Qxa2 Rxa2+ 32. Rd2 Raa8 33. Rb2 b6 34. Nxf4 Ra3 35. Rc2 Ra1 36. Ne6 Rc8 37. Ree2 Kg8 38. Bf4 Ra5 39. Ra2 Kf7 40. Nxg7 Kxg7 41. Kf2 Rca8 42. Rxa5 Rxa5 43. Ke3 Kf6 44. Kd3 Ke6 45. Rb2 Nf6 46. Bd2 d5 47. Bf4 Kd7 48. Be5 Ng8 49. exd5 Rxd5 50. Ra2 Kc6 51. Ra8 Nh6 52. c4 Rd7 53. Ra7 Nf7 54. d5+ Kc5 55. Rxc7+ Rxc7 56. Bxc7 h5 57. Bg3 b5 58. Bf2+ Kd6 59. cxb5 Kxd5 60. b6 Nd6 61. Ke3 g5 62. Kd3 Nb7 63. Be3 g4 64. f4 Na5 65. Bf2 Nb7 66. Bd4 Nd6 67. f5 Nb7 68. f6 Ke6 69. Ke4 h4 70. Kf4 g3 71. hxg3 h3 72. Bg1 Kxf6 73. Kg4 Ke6 74. Kxh3 1-0

[Event "Harburg-chD 3rd"]
[Site "Hamburg"]
[Date "2005.06.26"]
[Round "5"]
[White "Simon, Christopher"]
[Black "Colpe, Malte"]
[Result "1-0"]
[WhiteElo "1938"]
[BlackElo "1962"]
[PlyCount "130"]
[EventDate "2005.06.??"]
[EventType "tourn"]
[EventRounds "5"]
[EventCountry "GER"]
[SourceTitle "EXT 2006"]
[Source "ChessBase"]
[SourceDate "2005.11.24"]
[SourceVersion "1"]
[SourceVersionDate "2005.11.24"]
[SourceQuality "1"]

1. e4 e5 2. Nf3 Nc6 3. Bc4 Nf6 4. d3 d6 5. Nc3 Be7 6. 0-0 Bg4 7. Be3 0-0 8. h3 Bh5 9. Nd5 Na5 10. Nxf6+ Bxf6 11. Bb3 Nxb3 12. axb3 a6 13. c3 Bg6 14. Nd2 d5 15. f4 d4 16. f5 dxe3 17. Nc4 Bh5 18. g4 Bh4 19. gxh5 Qg5+ 20. Kh1 Bf2 21. Qf3 Qf4 22. Kg2 b5 23. Qxf4 exf4 24. Ne5 Rfe8 25. Ng4 Bh4 26. Kf3 Rad8 27. Ke2 Bg5 28. Rxa6 h6 29. h4 Bxh4 30. Rxf4 Bg5 31. Rf1 Rd6 32. Rxd6 cxd6 33. Nxe3 Ra8 34. d4 Ra2 35. Rb1 Kf8 36. Kd3 Bxe3 37. Kxe3 Ke7 38. Kf4 Ra5 39. Rg1 Ra2 40. Rg2 Kf8 41. e5 d5 42. Ke3 Ra1 43. Rh2 Rf1 44. c4 dxc4 45. bxc4 bxc4 46. Ke4 Rc1 47. Kd5 Rf1 48. Kxc4 Rxf5 49. b4 f6 50. exf6 Rxf6 51. Re2 Rf1 52. b5 Rc1+ 53. Kd5 Rb1 54. Kc6 Rc1+ 55. Kb7 Rd1 56. Re4 Rh1 57. Re5 Kf7 58. b6 Rd1 59. Re4 Kf6 60. Kb8 Kf5 61. Re5+ Kf6 62. b7 Rxd4 63. Rc5 Ke7 64. Ka7 Ra4+ 65. Kb6 Kd7 1-0

[Event "Schleswig Holstein-ch U18 MT"]
[Site "Neumuenster"]
[Date "2005.03.23"]
[Round "8"]
[White "Simon, Christopher"]
[Black "Henniges, Malte"]
[Result "1-0"]
[WhiteElo "1934"]
[BlackElo "1538"]
[PlyCount "47"]
[EventDate "2005.03.19"]
[EventType "tourn"]
[EventRounds "9"]
[EventCountry "GER"]
[SourceTitle "EXT 2007"]
[Source "ChessBase"]
[SourceDate "2006.11.23"]
[SourceVersion "1"]
[SourceVersionDate "2006.11.23"]
[SourceQuality "1"]

1. e4 e5 2. Nf3 f5 3. exf5 e4 4. Nd4 Nf6 5. d3 d5 6. Bg5 Bc5 7. Nb3 Bb6 8. Nc3 0-0 9. dxe4 Re8 10. Bd3 dxe4 11. Bc4+ Kf8 12. Nd5 e3 13. Nxe3 Qxd1+ 14. Kxd1 Ne4 15. Bh4 Nd6 16. Bd3 Bxe3 17. fxe3 Rxe3 18. Rf1 Nc6 19. Kd2 Re8 20. f6 g6 21. Rf2 Be6 22. Nc5 Bf7 23. Bg3 Ne5 24. Bxe5 1-0

[Event "Travemuende op 21th"]
[Site "Travemuende"]
[Date "2004.12.27"]
[Round "1"]
[White "Knuth, Hannes"]
[Black "Simon, Christopher"]
[Result "1-0"]
[WhiteElo "2299"]
[BlackElo "1745"]
[PlyCount "63"]
[EventDate "2004.12.27"]
[EventType "swiss"]
[EventRounds "7"]
[EventCountry "GER"]
[SourceTitle "EXT 2006"]
[Source "ChessBase"]
[SourceDate "2005.11.24"]
[SourceVersion "1"]
[SourceVersionDate "2005.11.24"]
[SourceQuality "1"]

1. d4 d5 2. c4 e6 3. Nc3 Nf6 4. Bg5 Nbd7 5. cxd5 exd5 6. e3 c6 7. Bd3 Be7 8. Qc2 h6 9. Bf4 a5 10. Nf3 Nb6 11. 0-0 Be6 12. h3 Nbd7 13. Ne5 c5 14. dxc5 Bxc5 15. Bb5 0-0 16. Rfd1 Rc8 17. Qe2 Bb4 18. Nxd7 Bxd7 19. Nxd5 Nxd5 20. Rxd5 Bxb5 21. Qxb5 Qf6 22. a3 Qxb2 23. Be5 Rc1+ 24. Kh2 Qxf2 25. Rxc1 Qxe3 26. Rf1 Qxa3 27. Qc4 Qa4 28. Qg4 g6 29. Qh4 Qc6 30. Qxh6 f6 31. Qxg6+ Kh8 32. Bxf6+ 1-0

[Event "Schleswig Holstein-ch U18 MT"]
[Site "Neumuenster"]
[Date "2004.03.25"]
[Round "8"]
[White "Simon, Christopher"]
[Black "Schmidt, Andreas1"]
[Result "0-1"]
[WhiteElo "1770"]
[BlackElo "1741"]
[PlyCount "49"]
[EventDate "2004.03.20"]
[EventType "tourn"]
[EventRounds "9"]
[EventCountry "GER"]
[SourceTitle "EXT 2006"]
[Source "ChessBase"]
[SourceDate "2005.11.24"]
[SourceVersion "1"]
[SourceVersionDate "2005.11.24"]
[SourceQuality "1"]

1. e4 c5 2. Nf3 d6 3. d4 cxd4 4. Nxd4 Nf6 5. Nc3 a6 6. Be3 e6 7. Be2 Be7 8. 0-0 Qc7 9. f4 0-0 10. Qd2 Nbd7 11. Nb3 b5 12. Bf3 Bb7 13. a3 Rac8 14. Rad1 Nb6 15. f5 Nc4 16. Qc1 Nxa3 17. bxa3 Qxc3 18. e5 Nd5 19. Bxd5 exd5 20. f6 Bd8 21. fxg7 Re8 22. Rf2 Qxe5 23. Bd4 Qe4 24. Re1 Qg6 25. Qb2 0-1

[Event "Schleswig Holstein-ch U18 MT"]
[Site "Neumuenster"]
[Date "2004.03.23"]
[Round "5"]
[White "Simon, Christopher"]
[Black "Reinelt, Tilman"]
[Result "1-0"]
[WhiteElo "1770"]
[BlackElo "1668"]
[PlyCount "53"]
[EventDate "2004.03.20"]
[EventType "tourn"]
[EventRounds "9"]
[EventCountry "GER"]
[SourceTitle "EXT 2006"]
[Source "ChessBase"]
[SourceDate "2005.11.24"]
[SourceVersion "1"]
[SourceVersionDate "2005.11.24"]
[SourceQuality "1"]

1. e4 e6 2. d4 d5 3. exd5 exd5 4. Nf3 Bd6 5. c3 c6 6. h3 Bf5 7. Bd3 Bxd3 8. Qxd3 Nf6 9. 0-0 0-0 10. Re1 Nbd7 11. Nbd2 Qc7 12. b3 Rfe8 13. Rxe8+ Rxe8 14. c4 Nh5 15. Nf1 Nf4 16. Bxf4 Bxf4 17. c5 Bh6 18. g3 Nf6 19. N1h2 g6 20. Ne5 Nd7 21. Nhg4 Bg7 22. f4 Nxe5 23. Nxe5 Bxe5 24. fxe5 Qd8 25. Rf1 Re6 26. Qf3 Kg7 27. Qxf7+ 1-0

[Event "Schleswig Holstein-ch U16 MT"]
[Site "Neumuenster"]
[Date "2003.03.14"]
[Round "7"]
[White "Simon, Christopher"]
[Black "Buncke, Johanna"]
[Result "1-0"]
[WhiteElo "1567"]
[BlackElo "1617"]
[PlyCount "79"]
[EventDate "2003.03.??"]
[EventType "tourn"]
[EventRounds "9"]
[EventCountry "GER"]
[SourceTitle "EXT 2005"]
[Source "ChessBase"]
[SourceDate "2004.11.15"]
[SourceVersion "1"]
[SourceVersionDate "2004.11.15"]
[SourceQuality "1"]

1. e4 c5 2. Nf3 Nc6 3. d4 cxd4 4. Nxd4 e5 5. Nb3 Nf6 6. Nc3 Bb4 7. Bd3 d5 8. exd5 Nxd5 9. Bd2 Bxc3 10. bxc3 0-0 11. 0-0 Qe7 12. Re1 f5 13. Bc4 Be6 14. Qe2 e4 15. Rad1 Rad8 16. h3 Qh4 17. Nc5 Qe7 18. Nxe6 Qxe6 19. Bg5 Rd7 20. Bxd5 Rxd5 21. Qc4 h6 22. Qxd5 Qxd5 23. Rxd5 hxg5 24. a3 Rf7 25. Red1 b6 26. Rd7 Rf6 27. R1d6 Ne5 28. Rxf6 Nxd7 29. Rxf5 Nc5 30. Rxg5 Kf7 31. Kf1 Kf6 32. h4 Ne6 33. Rd5 Nc5 34. Ke2 Ke6 35. Rg5 Kf6 36. Ke3 Ne6 37. Rd5 Nc5 38. Rxc5 bxc5 39. Kxe4 Ke6 40. g4 1-0

[Event "Schleswig Holstein-ch U16 MT"]
[Site "Neumuenster"]
[Date "2003.03.13"]
[Round "5"]
[White "Wolter, Jens"]
[Black "Simon, Christopher"]
[Result "1-0"]
[WhiteElo "1803"]
[BlackElo "1567"]
[PlyCount "65"]
[EventDate "2003.03.??"]
[EventType "tourn"]
[EventRounds "9"]
[EventCountry "GER"]
[SourceTitle "EXT 2005"]
[Source "ChessBase"]
[SourceDate "2004.11.15"]
[SourceVersion "1"]
[SourceVersionDate "2004.11.15"]
[SourceQuality "1"]

1. e4 e5 2. Nf3 Nc6 3. Bb5 d6 4. d4 Bd7 5. 0-0 Nf6 6. Nc3 Be7 7. Re1 exd4 8. Nxd4 Nxd4 9. Bxd7+ Qxd7 10. Qxd4 0-0 11. Bg5 Rfe8 12. e5 dxe5 13. Qxd7 Nxd7 14. Bxe7 Rxe7 15. Nd5 Ree8 16. Nxc7 Rac8 17. Nxe8 Rxe8 18. Rad1 Nf6 19. f3 h6 20. Rd2 Kh7 21. Kf2 e4 22. Rde2 Re6 23. fxe4 Ng4+ 24. Kg1 h5 25. h3 Ne5 26. Rd1 Rg6 27. Kf2 Rf6+ 28. Ke1 Rb6 29. b3 f6 30. c4 Rc6 31. Red2 Re6 32. Rd6 Re7 33. Kf2 1-0

[Event "Schleswig Holstein-ch U16 q"]
[Site "Neumuenster"]
[Date "2002.04.10"]
[Round "6"]
[White "Simon, Christopher"]
[Black "Jikharevitsch, Maxim"]
[Result "1/2-1/2"]
[WhiteElo "1446"]
[BlackElo "1184"]
[PlyCount "151"]
[EventDate "2002.04.??"]
[EventType "swiss"]
[EventRounds "9"]
[EventCountry "GER"]
[SourceTitle "EXT 2003"]
[Source "ChessBase"]
[SourceDate "2002.11.25"]
[SourceVersion "1"]
[SourceVersionDate "2002.11.25"]
[SourceQuality "1"]

1. e4 e6 2. d4 d5 3. e5 c5 4. c3 Nc6 5. Nf3 Qb6 6. Bd3 Bd7 7. Bc2 g6 8. 0-0 Nh6 9. Re1 Nf5 10. Bxf5 exf5 11. Qd3 Be7 12. b3 cxd4 13. Nxd4 Nxd4 14. cxd4 0-0 15. Nc3 Be6 16. Bd2 Rac8 17. Rac1 a6 18. Rc2 Rc6 19. Rec1 Rfc8 20. h3 Ba3 21. Na4 Qb5 22. Qxb5 axb5 23. Rxc6 Rxc6 24. Rxc6 bxc6 25. Nc5 Bb2 26. Be3 f4 27. Nd3 fxe3 28. Nxb2 e2 29. Nd3 Bf5 30. Ne1 b4 31. f3 Bb1 32. Kf2 Bxa2 33. Kxe2 Bxb3 34. Nd3 Bc4 35. Ke3 b3 36. h4 h5 37. g4 g5 38. Nb2 gxh4 39. gxh5 h3 40. Kf2 Be2 41. Kg3 Kh7 42. Kxh3 Bxf3 43. Kg3 Bxh5 44. Kf2 Kg6 45. Ke3 Kf5 46. Kd3 Kf4 47. Kc3 Ke4 48. Na4 Ke3 49. Nb2 Bg6 50. Na4 Bf5 51. Nb2 Bd7 52. Na4 Bg4 53. Nb2 Ke4 54. Nd3 Bh5 55. Nc5+ Ke3 56. Nxb3 Bd1 57. Na5 c5 58. dxc5 d4+ 59. Kb2 d3 60. Kc1 Ba4 61. Nc4+ Kd4 62. Nb2 Bb3 63. Kd2 Kxc5 64. Nxd3+ Kd4 65. Nf2 Kxe5 66. Ke3 Kf5 67. Nd3 Bc2 68. Nf4 Kg4 69. Ne2 Bd1 70. Nd4 Kg3 71. Ke4 Ba4 72. Kd5 Be8 73. Ke5 Kg4 74. Kf6 Kf4 75. Nc6 Bxc6 76. Kxf7 1/2-1/2

[Event "Schleswig Holstein-ch U14"]
[Site "Neumuenster"]
[Date "2001.04.11"]
[Round "6"]
[White "Simon, Christopher"]
[Black "Groot, Patrick"]
[Result "0-1"]
[WhiteElo "1230"]
[BlackElo "1185"]
[PlyCount "114"]
[EventDate "2001.04.??"]
[EventType "swiss"]
[EventRounds "9"]
[EventCountry "GER"]
[SourceTitle "EXT 2003"]
[Source "ChessBase"]
[SourceDate "2002.11.25"]
[SourceVersion "1"]
[SourceVersionDate "2002.11.25"]
[SourceQuality "1"]

1. e4 c5 2. Nf3 e6 3. d3 d5 4. exd5 exd5 5. Be2 Bg4 6. 0-0 Bd6 7. Nc3 Nf6 8. Bg5 Be6 9. Re1 Nbd7 10. h3 0-0 11. d4 c4 12. a3 Rb8 13. Rb1 Qa5 14. Bd2 Qb6 15. Qc1 a6 16. Bf4 Bxf4 17. Qxf4 h6 18. Ne5 Nxe5 19. Qxe5 Rbd8 20. Na4 Qd6 21. Qxd6 Rxd6 22. Nc5 Rb8 23. Bf3 Bf5 24. Rbc1 Be6 25. Re2 Nd7 26. Nxe6 fxe6 27. Rce1 Nf8 28. Bg4 Re8 29. f4 g6 30. h4 Rb6 31. c3 h5 32. Bh3 Kf7 33. f5 Re7 34. fxg6+ Kxg6 35. Re5 Rxb2 36. Bxe6 Rxe6 37. Rxe6+ Nxe6 38. Rxe6+ Kg7 39. Re5 Rb3 40. Rxd5 Rxc3 41. Rxh5 Rxa3 42. Rc5 b5 43. d5 Rd3 44. Rc6 Rxd5 45. Rxa6 c3 46. Rc6 b4 47. Kf1 b3 48. Rxc3 b2 49. Rb3 Rd1+ 50. Ke2 b1Q 51. Rxb1 Rxb1 52. Kf3 Rb4 53. g4 Kg6 54. Kg3 Kf6 55. Kf3 Ke5 56. g5 Rxh4 57. g6 Kf6 0-1

[Event "Schleswig Holstein-ch U14"]
[Site "Neumuenster"]
[Date "2001.04.08"]
[Round "2"]
[White "Simon, Christopher"]
[Black "Mossafer, Golam Reza"]
[Result "1-0"]
[WhiteElo "1230"]
[BlackElo "1036"]
[PlyCount "67"]
[EventDate "2001.04.??"]
[EventType "swiss"]
[EventRounds "9"]
[EventCountry "GER"]
[SourceTitle "EXT 2003"]
[Source "ChessBase"]
[SourceDate "2002.11.25"]
[SourceVersion "1"]
[SourceVersionDate "2002.11.25"]
[SourceQuality "1"]

1. e4 e5 2. Nf3 Nc6 3. Bb5 d6 4. 0-0 Nf6 5. d3 Be7 6. Bg5 0-0 7. h3 h6 8. Bh4 Nh5 9. Bxe7 Qxe7 10. Nc3 a6 11. Ba4 Nf4 12. Nd5 Nxd5 13. exd5 Na7 14. Re1 b5 15. Bb3 Qd7 16. d4 f6 17. c3 Bb7 18. Qc2 Qf7 19. c4 Rac8 20. Rad1 Kh8 21. Nh4 Rfe8 22. dxe5 fxe5 23. Qe4 c6 24. Bc2 g5 25. Nf5 cxd5 26. Nxd6 Qg8 27. Qg6 Qxg6 28. Bxg6 Re7 29. Nxc8 Nxc8 30. cxd5 Rd7 31. Bf5 Rd6 32. Bxc8 Bxc8 33. Rxe5 Be6 34. Rxe6 1-0